Siblings (Record no. 336735)
[ view plain ]
| 000 -LEADER | |
|---|---|
| campo di controllo lung. fissa | nam a22 7a 4500 |
| 003 - Identificatore del numero di controllo | |
| campo di controllo | IT-MiCISF |
| 005 - Data e orario dell'ultima transazione | |
| campo di controllo | 20170630115713.0 |
| 008 - Elementi di lunghezza fissa--Informazione generale | |
| campo di controllo lung. fissa | 170630b xxu||||| |||| 00| 0 eng d |
| 040 ## - Fonte della catalogazione | |
| Agenzia catalografica originale | IT-MiCISF |
| Agenzia che fa la trascrizione | IT-MiCISF |
| 041 ## - Codice di lingua | |
| Codice di lingua del testo/traccia sonora o titolo separato | it |
| 100 ## - Accesso principale -- nome di persona | |
| Nome di persona | Farinella Alessia |
| 9 (RLIN) | 56534 |
| 245 ## - Formulazione del titolo | |
| Titolo | Siblings |
| Complemento del titolo | Essere fratelli di ragazzi con disabilità |
| 260 ## - Pubblicazione, distribuzione, ecc. (stampa) | |
| Luogo di pubblicazione, distribuzione, ecc. | Trento |
| Nome dell'editore, distributore, ecc. | Erickson |
| Data di pubblicazione, distribuzione, ecc. | 2015 |
| 300 ## - Descrizione fisica | |
| Estensione | pp. 107 |
| 500 ## - Nota generale | |
| Nota generale | handicap, rapporti-fratelli |
| 520 ## - Riassunto, ecc. | |
| Nota di riassunto, ecc. | Il rapporto tra fratelli e sorelle è, tra le relazioni umane, una delle più intense: vi si intrecciano allo stesso tempo sentimenti di attaccamento, confidenza e competizione, istinto di protezione e conflittualità. Cosa accade però se uno dei fratelli è disabile? Come si modificano i comportamenti all’interno e all’esterno del contesto familiare? Quali implicazioni ne derivano e quali risorse possono attivarsi? Il volume si propone di rispondere a queste domande, dando voce ai fratelli di ragazzi con disabilità nelle varie fasi della crescita. Le loro testimonianze restituiscono tutta la complessità di un’esperienza unica: il senso di abbandono rimproverato ai genitori, le fasi di rifiuto e indifferenza, la gelosia ma anche l’entusiasmo di poter aiutare il proprio fratello o sorella, l’orgoglio nel vederne le conquiste e i traguardi raggiunti, la possibilità di riuscire, dopo aver rielaborato il proprio vissuto, a individuare le potenzialità che può offrire questa “speciale fraternità”. |
| 650 ## - Accesso aggiunto di soggetto--termine topico | |
| Termine topico o nome geografico come accesso | handicap |
| 9 (RLIN) | 56194 |
| 654 ## - Accesso aggiunto di soggetto--termini topici faccettati | |
| Termine principale | saggio |
| 942 ## - Dati aggiuntivi (Koha) | |
| Fonte della classificazione o dello schema di collocazione (segnatura) | Dewey Decimal Classification |
| Tipo copia default (Koha) | LIBRO |
| Ritirato (status) | Perso (status) | Fonte della classificazione o dello schema di collocazione (segnatura) | Danneggiato (status) | Non per il presito | Biblioteca proprietaria | Biblioteca in cui si trova | Data d'acquisizione | Totale prestiti | Collocazione | Codice a barre | Data ultima operazione | Prezzo in vigore dal | Tipo copia default (Koha) |
|---|---|---|---|---|---|---|---|---|---|---|---|---|---|
| Dewey Decimal Classification | Buone Condizioni | Not For Loan | CISF - Milano | CISF - Milano | 30/06/2017 | b7333 | 9788859007968 | 30/06/2017 | 30/06/2017 | LIBRO |